CHP Hükümeti üzerine (Record no. 8068)

MARC details
000 -BAŞLIK
Sabit Uzunlukta Kontrol Alanı 01289na a2200337 4500
001 - KONTROL NUMARASI
Denetim Alanı 16979
003 - KONTROL NUMARASI IDENTIFIER
Denetim Alanı MIRAKIL
005 - SON İŞLEM TARİHİ VE ZAMANI
Denetim Alanı 20181213155158.0
008 - SABİT-BOY VERİ ELEMANLARI - GENEL BİLGİLER
Sabit Uzunlukta Kontrol Alanı 161019b tu 000 0
035 ## - SİSTEM KONTROL NUMARASI
Sistem Kontrol Numarası 16979
040 ## - KATALOGLAMA KAYNAK
Orijinal Kataloglama Ajansı Milas
Kataloglama Dili tur
Metne Dönüştürmek Ajansı TR-AnCHP
041 ## - DİL KODU
Metin / Ses Parça Veya Ayrı Başlığın Dil Kodu tur
082 ## - DEWEY ONLU SINIFLANDIRMA NUMARASI
Sınıflandırma Numarası CHP 324.2172
Ürün Numarası C36 [t.y.]
090 ## - SINIFLAMA NUMARASI
Sınıflama Numarası CHP 324.2172 C36 [t.y.]
100 ## - ANA GİRİŞ - KİŞİSEL İSİM
Kişisel Ad Turan, Şerafettin
245 ## - BAŞLIK TABLOSU
Başlık CHP Hükümeti üzerine
Başlığın Kalan Aylık seçme yazılar II
Sorumluluk Tablosu, Vb Tüm İktisatçılar Birliği
246 ## - UNVAN FORM VARYING
Başlık Doğru / Kısa Başlığı Aylık seçme yazılar
260 ## - YAYIN, DAĞITIM, VB
Yayın, Dağıtım, Vb Yeri Ankara
Yayıncı, Dağıtıcı, Vs Adı Tüm İktisatçılar Birliği (TİB)
Yayın, Dağıtım, Vb Tarihi [t.y.]
300 ## - FİZİKSEL TANIM
Kapsam 271 s.
Boyutlar 19 sm.
490 ## - SERİSİ TABLOSU
Seri Beyanı Tüm İktisatçılar Birliği (TİB) yayınları
Hacim / Ardışık Tanımı 23
505 ## - BİÇİMLENDİRİLDİ İÇİNDEKİLER NOT
Biçimlendirilmiş İçeriği Dikkat CHP hükümeti kurulurken - CHP hükümetinin ilk üç ayındaki ekonomik gelişmeler üzerine - Kapitalist işletmelerde yönetim yöneticiler ve işçi sınıfı - Dördüncü plan stratejisi ve Ecevit hükümeti üzerine
610 ## - KONU KATMA GİRİŞ - TOPLANTI ADI
Giriş Elemanı Olarak Kurumsal Ad Veya Yargı Alanı Adı Cumhuriyet Halk Partisi (CHP)
Genel Alt Bölüm Siyaset ve yönetim
Kronolojik Alt Bölüm Eleştiriler
610 ## - KONU KATMA GİRİŞ - TOPLANTI ADI
Giriş Elemanı Olarak Kurumsal Ad Veya Yargı Alanı Adı CHP
Genel Alt Bölüm Hükümet politikaları
Kronolojik Alt Bölüm Eleştiriler
650 ## - KONU KATMA GİRİŞ - TOPİKAL DÖNEM
Topikal Süreli Veya Coğrafi Ad Giriş Elemanı Hükümet eleştirisi
Coğrafi Alt Bölümü Türkiye
651 ## - KONU KATMA GİRİŞ - COĞRAFİ ADI
Coğrafi İsim Türkiye
Genel Alt Bölümü Siyasal durum
Kronolojik Alt Bölümü 1960-1970
700 ## - KATMA GİRİŞ - KİŞİSEL İSİM
Kişisel Ad
942 ## - EKLENDİ GİRİŞ ELEMANLARI (KOHA)
Sınıflandırma Veya Raf Düzeni Kaynak Dewey Decimal Classification
Koha Öğesi Türü Books
999 ## - SİSTEM KONTROL NUMARALARI (KOHA)
Koha Biblionumber 8068
Koha Biblioitemnumber 8068
657 ## - INDEX SÜRE - İŞLEVİ
-- CHP ilkeleri
657 ## - INDEX SÜRE - İŞLEVİ
-- CHP hükümeti
657 ## - INDEX SÜRE - İŞLEVİ
-- CHP eleştirisi
Holdings
Kalıcı Konum Mevcut Konum Edinme Tarihi Edinim Kaynak Toplam Check-Out'Lar Tam Çağrı Numarası Barkod Tarih Son Görülme İtibaren Geçerli Fiyatlar Koha Öğesi Türü
CHP Kütüphanesi CHP Kütüphanesi 10/19/2016 Bağış   CHP 324.2172 C36 [t.y.] 006941 10/19/2016 10/19/2016 Books